<?xml version="1.0" encoding="UTF-8"?>
<marc:record xmlns:marc="http://www.loc.gov/MARC21/slim">
   <marc:leader>00000nam a2200000 a 4500</marc:leader>
   <marc:datafield ind1="1" ind2=" " tag="100">
      <marc:subfield code="a">Theodora, Stephie</marc:subfield>
      <marc:subfield code="4">aut</marc:subfield>
      <marc:subfield code="e">Verfasser/-in</marc:subfield>
   </marc:datafield>
   <marc:datafield ind1=" " ind2=" " tag="653">
      <marc:subfield code="a">Kinderbuch</marc:subfield>
   </marc:datafield>
   <marc:datafield ind1=" " ind2=" " tag="653">
      <marc:subfield code="a">Tonie</marc:subfield>
   </marc:datafield>
   <marc:datafield ind1="0" ind2="0" tag="245">
      <marc:subfield code="a">Rund um die Welt mit Fuchs und Schaf, Hörspiel ab 4 Jahren</marc:subfield>
   </marc:datafield>
   <marc:datafield ind1="0" ind2="0" tag="245">
      <marc:subfield code="b">Hörfigur für die Toniebox</marc:subfield>
   </marc:datafield>
   <marc:datafield ind1=" " ind2="1" tag="264">
      <marc:subfield code="b">Boxine GmbH</marc:subfield>
      <marc:subfield code="c">2021</marc:subfield>
   </marc:datafield>
   <marc:datafield ind1="1" ind2=" " tag="490">
      <marc:subfield code="a">Tonies</marc:subfield>
   </marc:datafield>
   <marc:datafield ind1="1" ind2=" " tag="520">
      <marc:subfield code="a">OSAKA:
Es ist ein ganz besonderer Tag auf dem kleinen Bauernhof im Schwarzwald. Für die beiden Bewohner Fuchs und Schaf steht die große Apfelernte an. Doch nicht nur das! Überraschend flattert eine Postkarte aus Osaka auf den Hof. In der japanischen Stadt hat ein Kunde den leckeren Apfelpunsch von Fuchs und Schaf bestellt. Und so machen sich die beiden Freunde mit ihrer kleinen Eisenbahn auf den Weg inihr erstes großes Abenteuer. 
SERENGETI:
127 Gläser Gewürzgurken aus dem Schwarzwald für ihre Party in der Serengeti – das wünscht sich Brigitte Nielpferdsen die Dritte. Durch Syrien und Jordanien und vorbei an den großen Pyramiden in Ägypten reisen Fuchs und Schaf in den Osten Afrikas. Mit im Gepäck: Eine geheime Passagierin, die Fuchs einen großen Schrecken einjagt.</marc:subfield>
   </marc:datafield>
   <marc:datafield ind1="3" ind2=" " tag="024">
      <marc:subfield code="a">4251192117434</marc:subfield>
   </marc:datafield>
</marc:record>
